Piłkarskie Derby w Europie - Statystyki

Ogólne statystyki
  • Ten quiz został rozwiązany 72 razy
  • Średni wynik to 3 z 15
Statystyki odpowiedzi
Derby Drużyny % Poprawnych
Derby Manchesteru Manchester United-Manchester City
62%
Derby Górnego Śląska Górnik Zabrze-Ruch Chorzów
55%
Der Klassiker Bayern-Borussia
49%
North London derby Arsenal-Tottenham
42%
Derby Zagłębia Ruhry Borussia-Schalke
29%
Derby Merseyside Liverpool-Everton
25%
Święta Wojna Wisła Kraków-Cracovia
25%
Old Firm Derby Celtic-Rangers
17%
Derby della Madonnina AC Milan-Inter
11%
Derby della Capitale Lazio-AS Roma
8%
North-West derby Manchester United-Liverpool
3%
Intercontinental Derby Galatasaray-Fenerbahce
2%
Oldest Russian derby Spartak-Dynamo
2%
Wieczne derby Crvene Zvezda-Partizan
0%
Mother of all battles Olympiacos-Panathinaikos
0%
Nie znaleziono quizów pasujących do podanych kryteriów
Rozkład punktacji
Procent ludzi z każdym wynikiem
Percentyl według liczby udzielonych odpowiedzi
Twoja historia wyników
Nie rozwiązałeś tego quizu